| 000 | 00532nam a22001577a 4500 | ||
|---|---|---|---|
| 003 | NUST | ||
| 038 | _aNusrat Nadeem | ||
| 082 | _a200 | ||
| 100 |
_aParveen, Rehana _9130584 |
||
| 245 |
_aExploring Career Practitioners' Experiences in Virtual Career Guidance Provision/ _cRehana Parveen, |
||
| 264 |
_aIslamabad: _bS3H NUST. _c20025. |
||
| 650 |
_aMS-Career Counselling and Education _9125301 |
||
| 700 |
_aSupervisor: Dr. Nadia Jahan _9130578 |
||
| 856 | _u http://10.250.8.41:8080/xmlui/handle/123456789/54773 | ||
| 942 |
_2ddc _cSC |
||
| 999 |
_c614776 _d614776 |
||